LIBRARY & INFORMATION CENTRE, KCAET, TAVANUR

ONLINE PUBLIC ACCESS CATALOGUE (OPAC)

Case studies in food product development (Record no. 13879)

MARC details
000 -LEADER
fixed length control field 00310nam a22001337a 4500
020 ## - INTERNATIONAL STANDARD BOOK NUMBER
ISBN 9781845692605
082 ## - DEWEY DECIMAL CLASSIFICATION NUMBER
Classification number 664 EAR/CA
100 ## - MAIN ENTRY--AUTHOR NAME
Personal name Earle, Mary
100 ## - MAIN ENTRY--AUTHOR NAME
Personal name Earle,Richard
245 ## - TITLE STATEMENT
Title Case studies in food product development
260 ## - PUBLICATION, DISTRIBUTION, ETC. (IMPRINT)
Place of publication Boca Raton
Name of publisher CRC Press
Year of publication 2008
300 ## - PHYSICAL DESCRIPTION
Number of Pages 414
942 ## - ADDED ENTRY ELEMENTS (KOHA)
Koha item type Books
Holdings
Withdrawn status Lost status Damaged status Collection code Home library Current library Shelving location Date acquired Source of acquisition Cost, normal purchase price Full call number Accession Number Koha item type
      Reference KAUAET KAUAET Reference1 31/03/2012 Universal Research Books, Thrissur 13136.00 664 EAR/CA 22615 Books
free website counter